000 01027 a2200229 4500
005 20080912120354.0
008 080912t xxu||||| |||| 00| 0 hin d
010 _aHIN-79849
020 _c175.00
_a8186919481
035 _aHN-52195
037 _bD.B.Act / pub
082 _a841
245 _aअली सरदार जाफ़री
_cसंपादक नंद किशोर विक्रम
_b(शायरी और जीवन)
246 _aAli sardar jaffari
260 _aदिल्ली
_bसाहित्य भारती
_c2006
270 _aके-71, कृष्णनगर
_bदिल्ली
_e110051
300 _a160पृ.
_c22 सेमी (सजिल्द)
650 _aPoetry
700 _aसंपादक नंद किशोर विक्रम
942 _adpl
_cHN
_k841/ अलीस
_2ddc
_h841
_mअलीस
999 _c3860
_d3860